| 000 | 00821nam a2200253 i 4500 | ||
|---|---|---|---|
| 001 | 13211 | ||
| 003 | ES-MaACL | ||
| 005 | 20250916201037.0 | ||
| 007 | t| | ||
| 008 | 960918s1996 sp ||||0| spa j | ||
| 020 | _a84-7923-089-4 | ||
| 040 |
_aM-BN _bspa _cM-BN |
||
| 080 | _a1 Teilhard de Chardin, Pierre | ||
| 100 | 1 |
_aLucas, Juan de Sahagún. _974534 |
|
| 245 | 1 | 0 |
_aPierre Teilhard de Chardin (1881-1955) / _cJuan de Sahagún Lucas Hernández. |
| 250 | _a1ª ed. | ||
| 260 |
_aMadrid : _bEdiciones del Orto, _c1996. |
||
| 300 |
_a94 p ; _c17 cm. |
||
| 490 | 1 | _aBiblioteca filosófica | |
| 600 | 1 | 4 |
_aTeilhard de Chardin, Pierre, _d1881-1955- _xCrítica e interpretación _9109522 |
| 830 | 0 | 0 |
_aBiblioteca filosófica _9179275 |
| 852 |
_aES-MaACL _jL-20553 _bR.125212 |
||
| 999 |
_c13211 _d13211 |
||